Planning for the life cycle (Record no. 66357)

MARC details
000 -LEADER
fixed length control field 01057cam a2200229 4500
001 - CONTROL NUMBER
control field ABS63642
008 - FIXED-LENGTH DATA ELEMENTS--GENERAL INFORMATION
fixed length control field 000000n2001 000 0 eng u
035 ## - SYSTEM CONTROL NUMBER
System control number (Sirsi) u111381
245 ## - TITLE STATEMENT
Title Planning for the life cycle
260 ## - PUBLICATION, DISTRIBUTION, ETC.
Date of publication, distribution, etc. 2001
490 ## - SERIES STATEMENT
Series statement Property Week
Volume/sequential designation 66(9) 2 March 2001, 98-99(2)
520 ## - SUMMARY, ETC.
Summary, etc. Looks at the whole-life costs of buildings. Notes that the cost of a building is likely to represent just 20% of its whole-life cost. Stresses the importance to those purchasing buildings of accounting for their long term costs. Gives detailed reasons why it is worth investing in an asset's whole-life performance and life-cycle costs, when procuring a new or existing building. Offers an illustration of some of the points made through a case study of Glasgow schools.
590 ## - LOCAL NOTE (RLIN)
Local note ABS
650 ## - SUBJECT ADDED ENTRY--TOPICAL TERM
Topical term or geographic name entry element WHOLE-LIFE COSTS
650 ## - SUBJECT ADDED ENTRY--TOPICAL TERM
Topical term or geographic name entry element PUBLIC PRIVATE PARTNERSHIPS
650 ## - SUBJECT ADDED ENTRY--TOPICAL TERM
Topical term or geographic name entry element PRIME CONTRACTING
650 ## - SUBJECT ADDED ENTRY--TOPICAL TERM
Topical term or geographic name entry element DEVELOPERS
650 ## - SUBJECT ADDED ENTRY--TOPICAL TERM
Topical term or geographic name entry element INVESTORS
650 ## - SUBJECT ADDED ENTRY--TOPICAL TERM
Topical term or geographic name entry element CONTRACTORS
690 ## - LOCAL SUBJECT ADDED ENTRY--TOPICAL TERM (OCLC, RLIN)
Topical term or geographic name as entry element BUILT ENVIRONMENT-BUILDING COSTS
942 ## - ADDED ENTRY ELEMENTS (KOHA)
Suppress in OPAC 0
Holdings
Withdrawn status Lost status Source of classification or shelving scheme Damaged status Not for loan Home library Current library Shelving location Date acquired Total Checkouts Full call number Barcode Date last seen Copy number Price effective from Koha item type
    Dewey Decimal Classification     London London Journal article 12/03/2001   ABS63642 111381-1001 06/08/2019 1 06/08/2019 Journal article